Datum a čas kvízu
26
Celkem bodů
Celkový počet nahraných bodů na tomto kvízu bez doplňovacích otázek.
1.
Pořadí na kvízu
Konečné umístění týmu na tomto kvízu.
Zaznamenané odpovědi
| # | Otázka | Odpověď | Body | Výsledky |
|---|---|---|---|---|
| 1. | Brífink hnutí ANO v poslanecké... | 1 | ||
| 2. | Jde o dvě ručně psané stránky,... | 1 | ||
| 3. | Slavný renesanční malíř zachyt... | 0 | ||
| 4. | Mladoboleslavská společnost Šk... | 0 | ||
| 5. | Několik hráčů londýnského Arse... | 1 | ||
| 6. | Ve kterém severoevropském přís... | 0 | ||
| 7. | Jaltská konference byla jedním... | 0.5 | ||
| 8. | V severoirském přístavním měst... | 0 | ||
| 9. | Jak se jmenuje černohorské pří... | 0 | ||
| 10. | Jak se jmenuje přístavní město... | 1 |